| 000 | 00693nam a22001937a 4500 | ||
|---|---|---|---|
| 003 | NUST-PNEC | ||
| 005 | 20170116180715.0 | ||
| 008 | 141017b xxu||||| |||| 00| 0 eng d | ||
| 020 | _a0070250758 | ||
| 040 | _cPNEC | ||
| 082 | _a621.379 GRU | ||
| 100 |
_9680 _aGruenberg, Elliot L. |
||
| 245 |
_aHandbook of telemetry and remonte control _cE.L. Gruenberg |
||
| 260 |
_aNew York _bMcGraw-Hill Book Company _cc1967. |
||
| 300 |
_aix, (various pagings) _c23 cm. |
||
| 500 | _aIncludes Index http://www.amazon.com/Handbook-Telemetry-Remote-Control-Gruenberg/dp/0070250758/ref=sr_1_2?s=books&ie=UTF8&qid=1413526620&sr=1-2&keywords=HANDBOOK+OF+TELEMETRY | ||
| 650 | _xEL, MIS | ||
| 942 |
_2ddc _cBK |
||
| 999 |
_c61138 _d61138 |
||